| Tag |
First Indicator |
Second Indicator |
Subfields |
| LEADER |
00000pam a2200000 a 4500 |
| 001 |
in00000071170 |
| 005 |
20151008062105.0 |
| 008 |
800724s1981 ctua b 00110 engm |
| 010 |
|
|
|a 80001707
|
| 020 |
|
|
|a 031320926X (lib. bdg.)
|
| 035 |
|
|
|a (OCoLC)06602687
|
| 035 |
|
|
|9 AAJ9494AM
|
| 040 |
|
|
|a DLC
|c DLC
|d m.c.
|d TXA
|d UtOrBLW
|
| 049 |
|
|
|a TXAM
|c [1803532]
|
| 050 |
0 |
0 |
|a PS1456
|b .M6
|
| 082 |
0 |
|
|a 813/.4
|a B
|2 19
|
| 100 |
1 |
|
|a Moran, John Charles,
|d 1942-
|
| 245 |
1 |
3 |
|a An F. Marion Crawford companion /
|c John C. Moran ; with introductory essays by Edward Wagenknecht, Russell Kirk, and Donald Sidney-Fryer.
|
| 264 |
|
1 |
|a Westport, Conn. :
|b Greenwood Press,
|c 1981.
|
| 300 |
|
|
|a xxxviii, 548 pages :
|b illustrations ;
|c 24 cm.
|
| 336 |
|
|
|a text
|b txt
|2 rdacontent
|
| 337 |
|
|
|a unmediated
|b n
|2 rdamedia
|
| 338 |
|
|
|a volume
|b nc
|2 rdacarrier
|
| 500 |
|
|
|a Includes indexes.
|
| 504 |
|
|
|a Bibliography: pages [441]-504.
|
| 600 |
1 |
0 |
|a Crawford, F. Marion
|q (Francis Marion),
|d 1854-1909.
|
| 650 |
|
0 |
|a Authors, American
|y 19th century
|v Biography.
|
| 999 |
|
|
|a MARS
|
| 999 |
f |
f |
|s 797ae249-edf4-3f14-bbea-d75e4d9d9526
|i ee68e1ff-b7c1-3893-ac7d-ae4e0bc542c0
|t 0
|
| 952 |
f |
f |
|p ric
|a Texas A&M University
|b Rellis Campus
|c Joint Library Facility
|d Remote Storage
|t 0
|e PS1456 .M6
|h Library of Congress classification
|i unmediated -- volume
|m A14806189566
|
| 998 |
f |
f |
|a PS1456 .M6
|t 0
|l Remote Storage
|